000 00313nam a22001337a 4500
003 SGT
082 _aKAS 519.9
100 _aKASANA,H.S
245 _aCOMPLEX VARIABLES THEORY AND APPLICATION
260 _aNEW DELHI
_bPHI
_c2015
300 _a494
650 _aCOMPLEX VARIABLES, MATHEMATICS
942 _2ddc
_cFPS
_02
999 _c10222
_d10222